000 00662nam a2200193Ia 4500
005 20251020182547.0
008 200515s9999 xx 000 0 und d
082 _a747:735.81/L32
100 _aLAZENBY, Gina
245 0 _aLa casa sana
260 _aBarcelona
260 _c2000
300 _a160
520 _adecoración de la casa con instrucciones prácticas basadas en el Feng Shui y en años de investigación sobre el estilo de vida natural y la superación personal. Se muestra como puede replantearse y organizar la casa para que resulte vivificante y aporte ene
650 _aDECORACION
650 _aFENG SHUI
650 _aLIB
942 _cLIB
999 _c2579
_d2579